000 00686nam a22002537a 4500
003 CHAP
005 20220329140021.0
008 971013s1962 r 00010 d
010 _a45605
011 _a46577
035 _a50718
040 _cCHAP
082 _a631.2
_bR4
100 0 0 _aReimbert, Marcel.
_995764
245 _aLes seilos agrícoles et industrials
260 _aParis :
_bDunod,
_c1962
300 _a102 p.
_b: ilus.
590 _aBATCH-UPD
_b10
_c20130110
_lUCH01
_h1123
590 _aCONVERSION
_b10
_c20130109
_lUCH01
_h1325
650 1 4 _aSilos.
_9105965
901 _aBK
942 _cLIBRO
949 _a631.2 R4
_bBC
_cLIBRO
_d33724000056503
_eLIBRO
_h20686
_i50718
_si
999 _c45605
_d45605